[Event "POR-chT 1st Divison 2018"]
[Site "Maia"]
[Date "2018.07.16"]
[Round "1"]
[White "Cruz, Jorge Filipe Egas"]
[Black "Novais, Carlos Joao Fernand"]
[Result "1-0"]
[WhiteElo "2159"]
[BlackElo "2121"]
[Annotator "NA"]
[PlyCount "95"]
[EventDate "2018.07.16"]
[EventType "team-tourn"]
[EventCountry "POR"]
[SourceTitle "playchess.com"]
[Source "ChessBase"]
[SourceQuality "1"]
[TimeControl "5400+30"]

1. e4 {[%emt 0:00:00]} e6 {[%emt 0:00:00]} 2. d4 {[%emt 0:00:05]} d5 {[%emt 0:00:00]} 3. Nd2 {[%emt 0:00:16]} c5 {[%emt 0:00:36]} 4. exd5 {[%emt 0:01:28]} Qxd5 {[%emt 0:00:14]} 5. dxc5 {[%emt 0:01:16]} Nf6 {[%emt 0:03:43] C07: French Tarrasch: 3...c5, 4 Ngf3 and 4 exd5 Qxd5} (5... Bxc5 6. Ngf3 Nf6 7. Bc4 Qc6 8. Qe2 O-O 9. Nb3 Nbd7 10. Bf4 Bd6 11. Nbd4 Qb6 12. Bxd6 Qxd6 13. O-O-O Qf4+ 14. Kb1 Nb6 15. Bb3 {0-1 (28) Naiditsch,A (2705)-Le,Q (2737) Riadh 2017}) 6. Ngf3 {[%emt 0:03:14]} Qxc5 {[%emt 0:00:53]} 7. Bd3 {[%emt 0:03:38]} Nbd7 {[%emt 0:02:56]} 8. O-O {[%emt 0:01:37]} Qc7 {[%emt 0:00:23]} 9. Re1 {[%emt 0:05:04]} Be7 {[%emt 0:06:22]} 10. b3 {[%emt 0:05:27]} O-O {[%emt 0:18:43]} 11. Bb2 {[%emt 0:01:14]} Nc5 $146 {[%emt 0:00:31]} ({Predecessor:} 11... b6 12. Ne5 Nc5 13. Bf1 {½-½ (29) Stripunsky,A (2536)-Nyzhnyk,I (2612) Philadelphia 2017}) 12. Bc4 {[%emt 0:14:45]} b6 {[%emt 0:05:40]} 13. Qe2 {[%emt 0:13:47]} Bb7 {[%emt 0:10:21]} 14. Ne5 {[%emt 0:07:55]} Nce4 {[%emt 0:18:24]} 15. Rad1 {[%emt 0:07:53]} Bd6 {[%emt 0:04:03]} 16. Ng4 {[%emt 0:12:58]} Rad8 {[%emt 0:11:54]} 17. Nxe4 {[%emt 0:10:43]} Nxe4 {[%emt 0:00:07]} 18. Rd4 {[%emt 0:00:56]} b5 {[%emt 0:06:08]} 19. Rxe4 {[%emt 0:04:00]} Bxe4 {[%emt 0:00:55]} 20. Qxe4 {[%emt 0:00:25]} Qc5 {[%emt 0:03:20]} 21. Bd3 {[%emt 0:01:08]} Qh5 {[%emt 0:00:25]} 22. Qf3 {[%emt 0:01:37]} Qh4 {[%emt 0:01:55]} 23. Re4 {[%emt 0:00:43]} f5 {[%emt 0:01:21]} 24. Nf6+ {[%emt 0:01:04]} Qxf6 {[%emt 0:00:13]} 25. Bxf6 {[%emt 0:00:03]} fxe4 {[%emt 0:00:12]} 26. Qxe4 {[%emt 0:00:22]} Rxf6 {[%emt 0:00:08]} 27. Qxh7+ {[%emt 0:00:04]} Kf7 {[%emt 0:00:10]} 28. Qh5+ {[%emt 0:00:12]} Kg8 {[%emt 0:00:40]} 29. Qxb5 {[%emt 0:00:16]} Rdf8 {[%emt 0:00:39]} 30. f3 {[%emt 0:00:21]} Rh6 {[%emt 0:00:39]} 31. h3 {[%emt 0:00:16]} Bg3 {[%emt 0:00:47]} 32. Qg5 {[%emt 0:00:36]} Bf4 {[%emt 0:00:10]} 33. Qc5 {[%emt 0:00:24]} Rf7 {[%emt 0:01:03]} 34. Qc8+ {[%emt 0:00:16]} Rf8 {[%emt 0:00:07]} 35. Qc5 {[%emt 0:00:08]} Rf7 {[%emt 0:00:04]} 36. Bc4 {[%emt 0:00:45]} Bc7 {[%emt 0:01:15]} 37. Kf1 {[%emt 0:00:32]} Bb6 {[%emt 0:01:47]} 38. Qc8+ {[%emt 0:00:18]} Kh7 {[%emt 0:00:12]} 39. Bd3+ {[%emt 0:00:38]} g6 {[%emt 0:00:09]} 40. Qxe6 {[%emt 0:00:14]} Rg7 {[%emt 0:01:07]} 41. c4 {[%emt 0:01:46]} Rh5 {[%emt 0:00:37]} 42. b4 {[%emt 0:00:16]} Bd4 {[%emt 0:00:12]} 43. Be4 {[%emt 0:00:36]} Bc3 {[%emt 0:00:29]} 44. a3 {[%emt 0:00:44]} Re5 {[%emt 0:00:28]} 45. Qd6 {[%emt 0:00:30]} Kh6 $18 {[%emt 0:01:15]} 46. c5 {[%emt 0:00:19]} Ree7 {[%emt 0:00:14]} 47. Qf4+ {[%emt 0:00:43]} Kh7 {[%emt 0:00:10]} 48. Qh4+ {[%emt 0:00:10]} 1-0

[Event "POR-chT 1st Divison 2018"]
[Site "Maia"]
[Date "2018.07.16"]
[Round "1"]
[White "Reis, Luis Sousa"]
[Black "Eggert, Alberto"]
[Result "0-1"]
[WhiteElo "2150"]
[BlackElo "2142"]
[Annotator "NA"]
[PlyCount "56"]
[EventDate "2018.07.16"]
[EventType "team-tourn"]
[EventCountry "POR"]
[SourceTitle "playchess.com"]
[Source "ChessBase"]
[SourceQuality "1"]
[TimeControl "5400+30"]

1. d4 {[%emt 0:00:00]} Nf6 {[%emt 0:01:57]} 2. c4 {[%emt 0:07:07]} e6 {[%emt 0:03:27]} 3. Nc3 {[%emt 0:01:11]} Bb4 {[%emt 0:00:57]} 4. Qc2 {[%emt 0:06:21]} c5 {[%emt 0:08:17]} 5. e3 {[%emt 0:13:12]} Nc6 {[%emt 0:13:26] LiveBook: 11 Games} 6. Nf3 {[%emt 0:01:04]} d5 {[%emt 0:14:17]} 7. a3 {[%emt 0:04:50]} Bxc3+ {[%emt 0:14:02] E38: Nimzoindisch (4.Dc2)} 8. bxc3 {[%emt 0:00:56]} O-O {[%emt 0:03:08]} 9. Bb2 {[%emt 0:25:46]} (9. a4 Re8 10. Be2 Bd7 11. O-O Rc8 12. cxd5 exd5 13. dxc5 Ne4 {½-½ (36) Mamedyarov,S (2799)-Vidit,S (2715) Riadh 2017}) 9... Re8 $146 {[%emt 0:14:24]} ({Vorgänger:} 9... b6 10. cxd5 exd5 11. Bb5 {½-½ (11) Keresztes,R (2254)-Ilincic,Z (2443) Kecskemet 2013}) 10. Be2 {[%emt 0:06:04]} dxc4 {[%emt 0:06:20]} 11. Bxc4 {[%emt 0:01:17]} Na5 {[%emt 0:00:16]} 12. Be2 {[%emt 0:02:00]} Bd7 {[%emt 0:07:12]} 13. O-O {[%emt 0:01:52]} Rc8 {[%emt 0:01:01]} 14. Ne5 {[%emt 0:06:03]} cxd4 {[%emt 0:02:16]} 15. exd4 {[%emt 0:00:33]} Bc6 {[%emt 0:00:16]} 16. Nxc6 {[%emt 0:02:47]} Nxc6 {[%emt 0:00:12]} 17. Qa4 {[%emt 0:12:10]} Qa5 {[%emt 0:01:29]} 18. Bb5 {[%emt 0:01:27]} Qxa4 {[%emt 0:00:17]} 19. Bxa4 {[%emt 0:00:05]} Red8 {[%emt 0:00:12]} 20. Bxc6 {[%emt 0:01:14]} Rxc6 {[%emt 0:00:07]} 21. a4 {[%emt 0:01:46]} Ne4 {[%emt 0:02:32]} 22. Rfc1 {[%emt 0:00:53]} Rdc8 {[%emt 0:00:17]} 23. Ra3 {[%emt 0:01:13]} Nd2 {[%emt 0:00:38]} 24. f3 {[%emt 0:00:32]} Rb6 {[%emt 0:01:36]} 25. Ba1 {[%emt 0:00:43]} Kf8 {[%emt 0:02:04]} 26. Kf2 {[%emt 0:00:50]} Ke7 {[%emt 0:00:16]} 27. Ke2 $17 {[%emt 0:00:30]} Nb3 {[%emt 0:00:14]} 28. Rb1 {[%emt 0:00:41]} Nxd4+ {[%emt 0:00:10]} 0-1

[Event "POR-chT 1st Divison 2018"]
[Site "Maia"]
[Date "2018.07.16"]
[Round "1"]
[White "Dias, Ivo Rodrigues"]
[Black "Neves, Pedro Alexandre Mai"]
[Result "1-0"]
[WhiteElo "2138"]
[BlackElo "2236"]
[Annotator "NA"]
[PlyCount "67"]
[EventDate "2018.07.16"]
[EventType "team-tourn"]
[EventCountry "POR"]
[SourceTitle "playchess.com"]
[Source "ChessBase"]
[SourceQuality "1"]
[TimeControl "5400+30"]

1. e4 {[%emt 0:00:00]} c5 {[%emt 0:00:00]} 2. Nf3 {[%emt 0:00:00]} e6 {[%emt 0:00:00]} 3. b3 {[%emt 0:01:16]} Nc6 {[%emt 0:03:06]} 4. Bb2 {[%emt 0:00:10]} a6 {[%emt 0:00:24]} 5. g3 {[%emt 0:02:31]} d6 {[%emt 0:07:10] B40: Sicilian: 2...e6, Unusual lines} (5... d5 6. exd5 exd5 7. Qe2+ Qe7 8. Qxe7+ Ngxe7 9. Bg2 Bf5 10. O-O O-O-O 11. Nc3 h6 12. Na4 Ng6 13. d4 Bxc2 {½-½ (29) Nisipeanu,L (2668)-Markus,R (2662) Ortisei 2016}) 6. Bg2 {[%emt 0:00:27]} b5 {[%emt 0:00:24]} 7. O-O {[%emt 0:00:33]} Bb7 {[%emt 0:01:40]} 8. d4 {[%emt 0:06:56]} cxd4 {[%emt 0:00:10]} 9. Nxd4 {[%emt 0:00:07]} Qc7 {[%emt 0:04:08]} 10. a4 {[%emt 0:09:34]} bxa4 $146 {[%emt 0:28:30]} ({Predecessor:} 10... Nxd4 11. Qxd4 Nf6 12. axb5 axb5 13. Nc3 Rxa1 14. Rxa1 {1-0 (24) Kovalevskaya,E (2350)-Dorofeeva,A (2275) Elista 1997}) 11. Rxa4 {[%emt 0:01:01]} Nf6 {[%emt 0:00:38]} 12. Nc3 {[%emt 0:02:58]} Nd7 {[%emt 0:11:57]} ({Black should try} 12... Nxd4 $14 13. Qxd4 (13. Rxd4 Be7 $14) 13... Be7) 13. Nxc6 {[%emt 0:28:20]} (13. Rc4 $16) 13... Bxc6 {[%emt 0:01:08]} 14. Ra2 {[%emt 0:00:23]} Be7 {[%emt 0:04:47]} 15. Qe2 {[%emt 0:01:21]} Bb7 {[%emt 0:04:25]} 16. Na4 {[%emt 0:10:06]} O-O {[%emt 0:00:55]} 17. Bd4 {[%emt 0:03:15]} Qc6 {[%emt 0:11:39]} 18. c4 {[%emt 0:09:36]} Bf6 {[%emt 0:01:12]} 19. Rd1 {[%emt 0:05:48]} Bxd4 {[%emt 0:04:53]} 20. Rxd4 {[%emt 0:00:10]} Nc5 {[%emt 0:00:07]} 21. Nxc5 {[%emt 0:01:43]} dxc5 {[%emt 0:00:07]} 22. Rd3 {[%emt 0:00:09]} Qb6 {[%emt 0:07:55]} 23. Qd1 {[%emt 0:00:56]} Rad8 {[%emt 0:00:39]} 24. Rad2 {[%emt 0:00:22]} Rxd3 {[%emt 0:00:09]} 25. Rxd3 {[%emt 0:00:01]} h6 {[%emt 0:00:55]} 26. h4 {[%emt 0:00:43]} Bc6 {[%emt 0:02:20]} 27. Rd6 {[%emt 0:03:40]} Qb7 {[%emt 0:00:05]} 28. Qd3 {[%emt 0:00:43]} a5 {[%emt 0:02:28]} 29. Qe3 {[%emt 0:00:53]} Ra8 {[%emt 0:00:59]} 30. Qxc5 {[%emt 0:00:47]} Rc8 {[%emt 0:01:27]} 31. Qxa5 {[%emt 0:02:42]} Qxb3 {[%emt 0:00:23]} 32. Rxc6 {[%emt 0:00:30]} Qd1+ $18 {[%emt 0:00:46]} 33. Kh2 {[%emt 0:00:08]} Rxc6 {[%emt 0:00:28]} 34. Qa8+ {[%emt 0:00:02]} 1-0

[Event "POR-chT 1st Divison 2018"]
[Site "Maia"]
[Date "2018.07.16"]
[Round "1"]
[White "Romano, Luis Miguel Pereira"]
[Black "Cavaleiro, Daniel Filipe Costa"]
[Result "1-0"]
[WhiteElo "2083"]
[BlackElo "1987"]
[Annotator "NA"]
[PlyCount "65"]
[EventDate "2018.07.16"]
[EventType "team-tourn"]
[EventCountry "POR"]
[SourceTitle "playchess.com"]
[Source "ChessBase"]
[SourceQuality "1"]
[TimeControl "5400+30"]

1. e4 {[%emt 0:00:00]} g6 {[%emt 0:00:30]} 2. d4 {[%emt 0:00:00]} d6 {[%emt 0:00:12]} 3. Nc3 {[%emt 0:00:00]} Nf6 {[%emt 0:00:17]} 4. Be3 {[%emt 0:00:36]} c6 {[%emt 0:00:28]} 5. f3 {[%emt 0:00:24]} Bg7 {[%emt 0:06:02]} 6. Qd2 {[%emt 0:00:08]} b5 {[%emt 0:02:32]} 7. g4 {[%emt 0:01:09]} O-O {[%emt 0:13:56]} 8. O-O-O {[%emt 0:11:47]} b4 {[%emt 0:14:17] B07: Pirc Defence: Miscellaneous Systems} 9. Nce2 {[%emt 0:01:05]} Qa5 {[%emt 0:01:53]} 10. Kb1 $1 {[%emt 0:01:06] LiveBook: 5 Games} Nbd7 {[%emt 0:11:57]} (10... Be6 $14 11. Nc1 Nbd7) (10... c5 11. Bh6 Nc6 12. Bxg7 Kxg7 13. g5 Nd7 14. d5 Nce5 15. Nc1 Nb6 16. h4 {1-0 (33) Najer,E (2664)-Petrosian,T (2607) Moscow 2016 CBM 171 [Schulz,André]}) 11. Bh6 {[%emt 0:04:34]} Nb6 {[%emt 0:02:26]} 12. Bxg7 {[%emt 0:12:14]} Kxg7 {[%emt 0:00:11]} 13. a3 $146 {[%emt 0:02:15]} ({Predecessor:} 13. Nc1 Ba6 14. Bxa6 Qxa6 15. Nge2 Nc4 16. Qd3 d5 17. e5 Nd7 18. Nb3 Ndb6 19. Nc5 {1-0 (45) Izquierdo,D (2148)-Cao,J (1984) Montevideo 2016}) 13... c5 {[%emt 0:07:07]} 14. Nc1 {[%emt 0:10:25]} Na4 {[%emt 0:10:39]} 15. axb4 {[%emt 0:10:39]} cxb4 {[%emt 0:03:09]} 16. Nb3 {[%emt 0:02:45]} Qb6 {[%emt 0:01:00]} 17. g5 {[%emt 0:02:05]} Nh5 {[%emt 0:04:08]} 18. Ne2 {[%emt 0:00:28]} a5 {[%emt 0:02:18]} 19. Ng3 {[%emt 0:01:16]} Bd7 {[%emt 0:04:31]} 20. Nxh5+ {[%emt 0:05:57]} gxh5 $11 {[%emt 0:00:02]} 21. d5 {[%emt 0:00:28]} Rfc8 {[%emt 0:01:41]} 22. f4 {[%emt 0:03:15]} Bg4 {[%emt 0:02:04]} 23. Re1 {[%emt 0:00:14]} Bf3 {[%emt 0:03:12]} 24. Bg2 {[%emt 0:02:58]} Bxg2 {[%emt 0:00:09]} 25. Qxg2 {[%emt 0:00:06]} Nxb2 {[%emt 0:00:10]} 26. Kxb2 {[%emt 0:01:02]} a4 {[%emt 0:00:09]} 27. Nc1 {[%emt 0:07:58]} Qd4+ {[%emt 0:00:44]} 28. Kb1 {[%emt 0:00:07]} a3 {[%emt 0:01:10]} 29. c3 {[%emt 0:01:16]} bxc3 {[%emt 0:06:38]} 30. Qc2 {[%emt 0:07:27]} a2+ 31. Ka1 Rab8 {[%emt 0:01:15]} 32. Nd3 {[%emt 0:09:53]} Rb2 {[%emt 0:00:33]} 33. Nxb2 {[%emt 0:00:17]} 1-0

[Event "POR-chT 1st Divison 2018"]
[Site "Maia"]
[Date "2018.07.16"]
[Round "1"]
[White "Turcer, Dusan"]
[Black "Marchena Hurtado, Javier"]
[Result "1-0"]
[WhiteElo "2039"]
[BlackElo "2354"]
[Annotator "NA"]
[PlyCount "45"]
[EventDate "2018.07.16"]
[EventType "team-tourn"]
[EventCountry "POR"]
[SourceTitle "playchess.com"]
[Source "ChessBase"]
[SourceQuality "1"]
[TimeControl "5400+30"]

1. e4 {[%emt 0:00:00]} e5 {[%emt 0:00:00]} 2. f4 {[%emt 0:00:00]} exf4 {[%emt 0:00:00]} 3. Bc4 {[%emt 0:00:00]} Nf6 {[%emt 0:01:11]} 4. Nc3 {[%emt 0:00:00]} c6 {[%emt 0:00:52]} 5. Bb3 {[%emt 0:00:05]} d5 {[%emt 0:00:54]} 6. exd5 {[%emt 0:00:13]} cxd5 {[%emt 0:00:46]} 7. d4 {[%emt 0:00:09]} Bd6 {[%emt 0:03:57]} 8. Nge2 {[%emt 0:07:59] C33: King's Gambit Accepted: 3 Nc3 and 3 Bc4} f3 {[%emt 0:06:09]} 9. gxf3 {[%emt 0:00:09]} O-O {[%emt 0:02:40]} 10. Bg5 {[%emt 0:01:59]} Be6 {[%emt 0:15:23]} 11. Qd2 {[%emt 0:09:26]} Be7 {[%emt 0:03:29]} 12. Rg1 {[%emt 0:01:33]} (12. O-O-O Nc6 13. Nf4 Na5 14. Rhe1 Nxb3+ 15. axb3 h6 {1-0 (28) Ivanchuk,V (2731)-Giri,A (2734) Beijing 2013}) 12... Nc6 {[%emt 0:08:21]} 13. O-O-O {[%emt 0:02:10]} Kh8 {[%emt 0:05:14]} 14. Kb1 $146 {[%emt 0:06:08]} ({Predecessor:} 14. Nf4 Na5 15. Bxf6 Nxb3+ 16. axb3 Bxf6 {½-½ (57) Zill,C (2213)-Tueckmantel,R (2130) Dortmund 2017}) 14... Na5 {[%emt 0:02:08]} 15. Nf4 {[%emt 0:05:45]} Nxb3 {[%emt 0:02:26]} 16. axb3 {[%emt 0:00:09]} Rc8 {[%emt 0:03:28]} 17. Qg2 {[%emt 0:06:19]} Rg8 {[%emt 0:04:36]} 18. Rde1 {[%emt 0:08:32]} Rc6 {[%emt 0:07:17]} 19. Nxe6 {[%emt 0:05:48]} fxe6 $16 {[%emt 0:03:12]} 20. Qh3 {[%emt 0:09:14]} Qd7 {[%emt 0:13:16]} 21. Re5 {[%emt 0:07:18]} Bd8 {[%emt 0:03:43]} 22. Bxf6 {[%emt 0:02:40]} Bxf6 {[%emt 0:00:22]} 23. Qxh7+ {[%emt 0:00:06]} 1-0

[Event "POR-chT 1st Divison 2018"]
[Site "Maia"]
[Date "2018.07.17"]
[Round "2"]
[White "Santos Latasa, Jaime"]
[Black "Prithu, Gupta"]
[Result "1-0"]
[WhiteElo "2576"]
[BlackElo "2436"]
[Annotator "TA"]
[PlyCount "47"]
[EventDate "2018.07.16"]
[EventType "team-tourn"]
[EventCountry "POR"]
[SourceTitle "playchess.com"]
[Source "ChessBase"]
[SourceQuality "1"]

{[%evp 14,47,7,11,30,31,37,20,66,66,101,79,137,129,144,92,135,111,175,174,169,166,216,218,398,392,784,795,991,1050,967,853,1075,1033,29989,12487]} 1. c4 e5 2. Nc3 Nf6 3. Nf3 Nc6 4. e3 Bb4 5. Qc2 Bxc3 6. bxc3 e4 {A28: English Opening: Four Knights Variation} (6... d6 7. e4 O-O 8. g3 Ne8 9. Nh4 Ne7 10. d3 f5 11. exf5 Nxf5 12. Nxf5 Bxf5 13. Bg2 c6 14. h3 {1-0 (56) Carlsen,M (2843)-Topalov,V (2749) Shamkir 2018}) 7. Ng5 d5 8. f3 {LiveBook: 5 Games} h6 {The position is equal.} 9. cxd5 {[#] Strongly threatening Nxf7.} hxg5 10. dxc6 Qd6 $146 ({Predecessor:} 10... exf3 11. gxf3 bxc6 12. Ba3 Qd5 13. e4 Qe5 14. d4 {1-0 (29) Persson,J-Svensson,L (2285) Lidkoeping 1994}) 11. Qa4 ({Of course not} 11. fxe4 Rxh2 12. Rxh2 Qg3+ 13. Ke2 Bg4+ 14. Kd3 Qd6+ 15. Kc4 Be6+ 16. Kb5 Qxc6+ 17. Kb4 Qd6+ 18. Ka4 Qxh2 $15) 11... b5 12. Qd4 Qe6 (12... Qxd4 $142 13. cxd4 exf3) 13. Ba3 $16 Ba6 14. Qc5 (14. h4 $142) 14... Rd8 15. Qxg5 Rd5 (15... exf3 $16 {might work better.} 16. gxf3 b4) 16. Qxg7 $18 Rg8 17. Qh6 exf3 18. gxf3 b4 $2 {[#]} (18... Qxc6 {is a better defense.} 19. Qf4 Rh5) 19. Bxa6 Rxd2 $2 (19... Rh5) 20. Bxb4 Rxa2 21. Rxa2 Qxa2 22. Be2 Qa1+ 23. Bd1 Nd5 24. Qh7 (24. Qh3 $142 Nb6 25. Qh7 Qxc3+ 26. Bxc3 Rg6 27. Qh8+ Ke7 28. Bb4+ Rd6 29. Qe5+ Kf8 30. Qf6) 1-0

[Event "POR-chT 1st Divison 2018"]
[Site "Maia"]
[Date "2018.07.17"]
[Round "2"]
[White "Vavulin, Maksim"]
[Black "Iturrizaga Bonelli, Eduardo"]
[Result "1-0"]
[WhiteElo "2552"]
[BlackElo "2652"]
[Annotator "TA"]
[PlyCount "67"]
[EventDate "2018.07.16"]
[EventType "team-tourn"]
[EventCountry "POR"]
[SourceTitle "playchess.com"]
[Source "ChessBase"]
[SourceQuality "1"]

{[%evp 16,67,51,71,101,46,44,61,58,55,48,24,57,68,78,81,114,76,112,116,114,92,122,103,233,95,92,75,97,91,140,83,173,168,242,256,247,249,233,251,255,235,229,247,528,402,388,396,388,379,774,777,745,735]} 1. e4 c6 2. d4 d5 3. Nc3 dxe4 4. Nxe4 Bf5 5. Ng3 Bg6 6. Bc4 e6 7. N1e2 Bd6 8. h4 {[%cal Bh2h4,Bh4h5][%mdl 32]} Nf6 {B18: Classical Caro-Kann: 4...Bf5 sidelines} (8... h6 9. Nf4 Bxf4 10. Bxf4 Nf6 11. Qe2 O-O 12. O-O-O Nbd7 13. Bd3 Bxd3 14. Rxd3 Qa5 15. Kb1 Rfe8 16. Re1 {½-½ (16) Rublevsky,S (2702)-Riazantsev,A (2646) St Petersburg 2015}) 9. h5 {LiveBook: 3 Games} Bf5 10. c3 $146 (10. Nxf5 $16 exf5 11. Qd3) ({Predecessor:} 10. Nxf5 Qa5+ 11. Bd2 Qxf5 12. Rh4 Nd5 13. Bd3 Qf6 14. Rg4 h6 15. c4 Nb4 16. Bc3 Nxd3+ 17. Qxd3 {1-0 (32) Plenca,J (2173)-Skrbin,K (2263) Grubisno Polje 2014}) 10... O-O $14 {White is slightly better.} 11. Nxf5 exf5 12. Qd3 Qd7 13. f3 b5 14. Bb3 c5 {aiming for ...c4.} 15. Bc2 cxd4 16. Nxd4 Bc5 17. Nxf5 Qe6+ 18. Kf1 Nbd7 (18... Re8 $2 19. Bf4 $18) 19. Bf4 (19. Qxb5 Rfe8 $11) 19... a6 (19... Rad8 $16 {was worth a try.}) 20. Nd4 (20. b4 $18 {and White stays clearly on top.} Ba7 21. Bb3) 20... Bxd4 $16 21. cxd4 Rac8 22. Kf2 Rfd8 23. Bb3 ({White should try} 23. h6 $1) 23... Nd5 {[#]} (23... Nc5 $16 24. dxc5 Rxd3 25. Bxe6 fxe6) 24. Bg5 $1 $18 {Strongly threatening h6.} (24. Bxd5 Qxd5 25. Rac1 Qxa2 $11) 24... N7f6 (24... Re8 $142 25. Rhe1 Nb4) 25. h6 {hxg7 is the strong threat.} Nb4 26. Qd2 ({Less strong is} 26. Bxe6 Nxd3+ 27. Ke3 fxe6 $14) 26... Qf5 27. Bxf6 (27. Qxb4 Qxg5 28. Rad1 Qf4 $17) 27... Nd3+ 28. Kg1 gxf6 {[#]} 29. Rh4 $1 {[%cal Bh1h4,Bh4e4,Be4e2][%mdl 32]} Kf8 $2 (29... Ne5 30. Qf4 Qxf4 31. Rxf4 Nc4 32. Rxf6 Rxd4 33. Rxa6 Nd2) 30. Re4 Nc5 31. Qb4 a5 32. Qxb5 Qg5 $2 (32... Qd7 33. Qxd7 Nxd7) 33. dxc5 Rd2 34. Re2 {Precision: White = 51%, Black = 32%.} 1-0

[Event "POR-chT 1st Divison 2018"]
[Site "Maia"]
[Date "2018.07.17"]
[Round "2"]
[White "Spraggett, Kevin Barry"]
[Black "Zelbel, Patrick"]
[Result "1-0"]
[WhiteElo "2530"]
[BlackElo "2418"]
[Annotator "TA"]
[PlyCount "115"]
[EventDate "2018.07.16"]
[EventType "team-tourn"]
[EventCountry "POR"]
[SourceTitle "playchess.com"]
[Source "ChessBase"]
[SourceQuality "1"]

{[%evp 27,115,66,77,44,75,47,50,54,60,64,55,45,44,41,31,26,31,37,41,33,41,41,46,47,42,0,0,0,0,0,0,0,7,4,8,0,47,20,66,45,47,47,43,43,101,0,0,0,0,0,0,0,0,-12,0,0,0,0,0,0,0,0,0,-143,-87,-193,26,25,467,428,483,462,457,430,1265,994,880,874,1805,1685,29991,29992,29992,29993,29994,29995,29995,29996,29998,29999]} 1. d4 Nf6 2. c4 e6 3. Nf3 c5 4. d5 exd5 5. cxd5 d6 6. Nc3 g6 7. Nd2 Bg7 8. e4 O-O 9. Be2 Re8 10. O-O Nbd7 11. a4 Ne5 12. Re1 g5 13. Nf1 {A77: Modern Benoni: Classical: 9...Re8 10 Nd2: 10...a6 and 10...Nbd7} h6 14. Ng3 Ng6 {LiveBook: 11 Games} (14... a6 15. Rb1 Ng6 16. Be3 Qa5 17. h3 Bd7 18. Bd2 Qc7 19. b4 b6 20. Qb3 Reb8 {1-0 (45) Korobov,A (2713)-Simacek,P (2485) Czechia 2014}) 15. Ra3 {White is better.} a6 16. h3 Rb8 $146 ({Predecessor:} 16... b6 17. Bg4 Nxg4 18. hxg4 Ne5 19. Nf5 Bxf5 20. gxf5 {1-0 (33) Miladinovic,I (2365)-Nagy,J (2250) Caorle 1989}) 17. a5 b5 18. axb6 $1 Rxb6 19. b3 Nh5 20. Bxh5 Bxc3 21. Bd2 Bb2 22. Ra2 Qf6 $1 23. Bg4 Be5 {White should prevent ...Bxg3.} 24. Bxc8 Bxg3 25. Ba5 Rb5 26. Bf5 Be5 27. Bd7 Rxa5 $1 28. Rxa5 Re7 $1 29. Bg4 {Strongly threatening Ra4.} Bc3 30. Rxa6 {Black must now prevent Re2.} Bxe1 31. Qxe1 Qf4 32. Bf3 {White wants to play Qe3.} f5 33. Ra8+ Kh7 {[%cal Rf5e4]} 34. Ra4 g4 35. hxg4 fxg4 {[#]} (35... Ne5 $1 $14) 36. Bd1 (36. e5 $1 $16 Qxe5 37. Re4) 36... Ne5 $11 37. Qc3 Rf7 38. Ra2 h5 39. g3 Qf6 40. Kg2 h4 41. gxh4 Qxh4 {Hoping for ...Nf3.} 42. Qg3 Qg5 43. Ra1 Kg7 44. Ra6 Qg6 45. Ra4 (45. Qe3 $11) 45... c4 $1 $17 46. Qe3 (46. Kg1 $17 {was worth a try.}) 46... Nd3 $2 ({Black should try} 46... Qh5 $19 {Threatens to win with ...Nf3.} 47. bxc4 Nf3 48. Bxf3 Qh3+ 49. Kg1 gxf3 50. Qg5+ Kh7) 47. Ra7 $36 {[%mdl 2048] White has some pressure.} Ne1+ $2 {[%mdl 8192]} (47... Nf4+ $11 48. Kg1 Nh3+ 49. Kg2 Nf4+ 50. Kg1 Nh3+ 51. Kg2 Nf4+) 48. Kg3 $18 (48. Qxe1 Rxa7 49. bxc4 {[#]} g3 $1 $15 {[%mdl 512]}) 48... Rxa7 49. Qxa7+ Kf8 50. Qb8+ Ke7 (50... Kg7 $142 51. Qc7+ (51. bxc4 Qxe4 52. Qc7+ Kh6 $18) 51... Kf8 52. Qxc4 Nf3 53. Qc8+ Kg7 54. Bxf3 gxf3+ 55. Qg4 Kh8) 51. Qc7+ Kf8 52. Qxc4 Qh6 53. Bxg4 Qh1 54. Qc8+ {White mates.} Kg7 55. Qd7+ Kh8 56. Qe8+ Kg7 57. Qe7+ Kh8 58. Qf8+ {Precision: White = 58%, Black = 47%.} 1-0

[Event "POR-chT 1st Divison 2018"]
[Site "Maia"]
[Date "2018.07.17"]
[Round "2"]
[White "Martinez Duany, Lelys Stanley"]
[Black "Padeiro, Jose"]
[Result "1-0"]
[WhiteElo "2528"]
[BlackElo "2284"]
[Annotator "TA"]
[PlyCount "99"]
[EventDate "2018.07.16"]
[EventType "team-tourn"]
[EventCountry "POR"]
[SourceTitle "playchess.com"]
[Source "ChessBase"]
[SourceQuality "1"]

{[%evp 23,99,-18,-16,-22,-21,-14,-17,-21,-20,-18,-14,-32,-25,-30,-28,-51,-28,-27,-14,-20,-12,-20,-32,-32,-25,-40,-10,-20,-22,-27,0,0,0,0,12,2,8,4,19,5,101,97,94,95,116,90,82,66,72,66,84,79,83,77,112,112,120,127,127,128,127,112,112,112,112,46,65,37,82,42,59,8,75,80,136,36,29979,29978]} 1. c4 Nf6 2. Nc3 e6 3. e4 d5 4. e5 d4 5. exf6 dxc3 6. bxc3 Qxf6 7. d4 c5 8. Nf3 cxd4 9. cxd4 Bb4+ {A18: English Opening: Flohr-Mikenas System (1 c4 Nf6 2 Nc3 e6 3 e4)} 10. Bd2 Bxd2+ 11. Qxd2 Nc6 (11... O-O 12. Bd3 Nc6 13. Be4 Bd7 14. O-O Rac8 15. Rfd1 Rfd8 16. Rac1 Be8 17. Qe3 {1-0 (36) Bogdanovich,S (2596)-Sivuk,V (2520) Lvov 2017}) 12. Be2 O-O {LiveBook: 4 Games} 13. O-O Rd8 {[%cal Rc6d4]} 14. Qe3 b6 {[%cal Rc6d4]} 15. Rfd1 Bb7 16. Rac1 {[%cal Ba1c1,Bc1c5,Bc5c6][%mdl 32]} Ne7 17. d5 $146 ({Predecessor:} 17. g4) 17... exd5 18. c5 $1 Ng6 19. Nd4 bxc5 20. Rxc5 Nf4 {[#] ...Re8 is the strong threat.} 21. Bf1 Re8 22. Qb3 Bc8 23. Rc6 Ne6 24. Nf3 Qe7 25. Rc2 Bb7 26. Rb1 Rac8 (26... Qd6 {with more complications.} 27. Qa4 Re7 28. Nd4 Qf4 29. Qa3 Rd7) 27. Rxc8 Bxc8 28. Qxd5 Nf8 29. Qa5 Be6 30. Nd4 $36 {[%mdl 2048] White fights for an advantage.} h6 31. a3 {[%cal Ba2a3,Ba3a4,Ba4a5,Ba5a6][%mdl 32]} Ng6 (31... Qd7 $11 {remains equal.} 32. Qb4 (32. Nxe6 Nxe6 33. h3 Nf4 $11) 32... Rc8) 32. Nxe6 $16 fxe6 33. g3 Rd8 34. Bc4 Nf8 35. Re1 Rd6 36. a4 Kh8 37. Qe5 Rc6 38. Qe4 Rd6 39. a5 Qd8 40. a6 Rd1 41. Rxd1 Qxd1+ 42. Kg2 Qd6 43. h4 Kg8 44. f4 (44. Kh1 $16) 44... Kh8 45. Kh3 {Strongly threatening Qa8.} Qd1 46. Bd3 Kg8 47. Be2 (47. Bb5 $14) 47... Qd7 (47... Qd5 $1 $11 48. Qxd5 exd5) 48. Bc4 {And now f5 would win.} Kf7 (48... Kh8 $142) 49. Qb7 (49. f5 $16) 49... Ke7 $2 {[%mdl 8192] [#]} (49... Kf6 $14) 50. Bb5 {Precision: White = 52%, Black = 38%.} 1-0